书目信息 |
| 题名: |
中国西部建筑素描
|
|
| 作者: | 杨志威 , 李方方 主编 | |
| 分册: | ||
| 出版信息: | 济南 山东科学技术出版社 1998.05 |
|
| 页数: | 146页 | |
| 开本: | 16开 | |
| 丛书名: | ||
| 单 册: | ||
| 中图分类: | J214 | |
| 科图分类: | ||
| 主题词: | 绘画--技法(美术) | |
| 电子资源: | ||
| ISBN: | 7-5331-2190-2 | |
| 000 | 00619nam0 2200205 45 | |
| 001 | 0010041040 | |
| 005 | 20001118110811.7 | |
| 010 | @a7-5331-2190-2@d24.00元 | |
| 100 | @a20001004d1998 km y0chiy0120 ea | |
| 101 | 0 | @achi |
| 105 | @a z 000yy | |
| 200 | 1 | @a中国西部建筑素描@AZhong Guo Xi Bu Jian Zhu Su Miao@f杨志威,李方方主编@FYang Zhi Wei,Li Fang Fang Zhu Bian |
| 210 | @a济南@c山东科学技术出版社@d1998.05 | |
| 215 | @a146页@d16开 | |
| 606 | 0 | @a绘画@x技法(美术) |
| 690 | @aJ214@v3 | |
| 701 | 0 | @a杨志威@4主编 |
| 701 | 0 | @a李方方@4主编 |
| 801 | @aCN@bPftUser@c20001004 | |
| 905 | @dJ214@eY879@b412591-592@f2 | |
| 中国西部建筑素描/杨志威,李方方主编.-济南:山东科学技术出版社,1998.05 |
| 146页;16开 |
| ISBN 7-5331-2190-2:24.00元 |
| ● |
| 相关链接 |
|
|
|
正题名:中国西部建筑素描
索取号:J214/Y879
 
预约/预借
| 序号 | 登录号 | 条形码 | 馆藏地/架位号 | 状态 | 备注 |
| 1 | 412591 | 204125918 | 自科二线404/309社科库 71排1列5层/ [索取号:J214/Y879] | 在馆 | |
| 2 | 412592 | 204125927 | 自科二线404/309社科库 71排1列5层/ [索取号:J214/Y879] | 在馆 |